000 00616nam a22001697a 4500
005 20251108164046.0
008 250721s9999 xx 000 0 ara d
082 1 4 _a347.40962/عبد
100 1 _aالسنهوري، عبد الرزاق أحمد
245 1 0 _aالموجز في النظرية العامة للإلتزامات في القانون المدني المصري /
264 1 _aبيروت :
_bالمجمع العلمي العربي الإسلامي،
_c[19-].
300 _a2ج في مجلد واحد
650 1 7 _aالقانون المدني
650 1 7 _aمصر
942 _2ddc
_cREF
999 _c2565
_d2565